| 000 | 01058cam a2200241 4500 | ||
|---|---|---|---|
| 001 | J126180 | ||
| 008 | 091220n2004 000 0 eng u | ||
| 035 | _a(Sirsi) u126180 | ||
| 041 | _aeng | ||
| 050 |
_a333.0062 _c18 |
||
| 110 |
_aRoyal Institution of Chartered Surveyors _bProfessional Regulation and Consumer Protection _94348 |
||
| 245 | _aGuidance to rules of conduct | ||
| 260 |
_aLondon _bRICS _c2004 |
||
| 300 |
_a56p. _c30cm. |
||
| 520 | _aProvides guidance on, and aims to assist members in applying, the "Rules of conduct : Conduct Regulations 2004 under Bye-Laws 10(1), 19, 20 and 22B (complete set)" (J125923) which came into force 1 January 2004. | ||
| 650 | _aRICS BYE-LAWS | ||
| 650 | _aPROFESSIONAL CONDUCT | ||
| 650 | _aRICS RULES OF CONDUCT | ||
| 690 | _aMANAGEMENT-BUSINESS MANAGEMENT-PROFESSIONAL PRACTICE | ||
| 710 |
_aRoyal Institution of Chartered Surveyors _94900 |
||
| 856 | 4 | 0 |
_uhttps://www.rics.org/Global/Downloads/GuidanceToRuleOfConduct2004.pdf _zView the full document free of charge at www.rics.org... |
| 942 | _n0 | ||
| 999 |
_c103580 _d103580 |
||